La Clerecia catalana durant el trienni liberal / Gaspar Feliu i Montfort
Descripción Física:
236 p. ; 25 cm
Materias:
Clericat -- Catalunya -- 1820/1823
MARC
| LEADER | 00000nam a2200000Ia 4500 | ||
|---|---|---|---|
| 001 | 10397 | ||
| 008 | 160829s1972 xx 000 0 cat d | ||
| 080 | |a H-1-252 | ||
| 100 | 1 | |a Feliu i Montfort, Gaspar |9 24473 | |
| 245 | |a La Clerecia catalana durant el trienni liberal / Gaspar Feliu i Montfort | ||
| 260 | |a Barcelona : |b Institut d'Estudis Catalans, |c 1972 | ||
| 300 | |a 236 p. ; |c 25 cm | ||
| 490 | |a Memòries de la Secció Històrico-Arqueològica ; 29 | ||
| 590 | |a Premi Nicolau d'Olwer, 1969 | ||
| 650 | |a Clericat |x Catalunya |x 1820/1823 |9 24474 | ||
| 710 | 2 | |a Institut d'Estudis Catalans |9 52284 | |
| 901 | |a Arxiu | ||
| 942 | |n 1 | ||
| 952 | |0 0 |1 0 |4 0 |6 H1252 |7 1 |9 43172 |a Arxiu |b Arxiu |d 2016-12-01 |l 0 |o H-1-252 |p 10397 |r 2016-12-01 00:00:00 |w 2016-12-01 |y ARXIU | ||
| 999 | |c 45716 |d 45716 | ||